000 00733nam a2200289Ia 4500
005 20260324124105.0
008 008 260324s9999 xx 000 0 eng d
020 _a9780429106576
037 _aEBOOK
040 _aCRL
040 _beng
040 _cCRL
041 _2eng
041 _aeng
084 _qCRL
100 _aPatsy Wang-Iverson; Robert J. Lang; Mark YIM
_91172802
245 0 _aOrigami 5
245 0 _bFifth International Meeting of Origami Science, Mathematics, and Education
260 _bTaylor and Francis
260 _c2011
365 _a
365 _b375
856 _uhttp://www.taylorfrancis.com/books/9780429106576
942 _cEBOOK
999 _c1766909
_d1766909